| 000 | 02269nam a2200301Ia 4500 | ||
|---|---|---|---|
| 003 | Ost | ||
| 005 | 20260507075449.0 | ||
| 008 | 260507s9999||||xx |||||||||||||| ||und|| | ||
| 020 | _a4150169957 | ||
| 040 | _cfsecg | ||
| 041 | _aara | ||
| 082 | _a658.401 | ||
| 100 |
_aالخفاجي، نعمة عباس _eمؤلف |
||
| 245 | 0 |
_aالفكر الاستراتيجي : _bقراءات معاصرة / _c نعمة عباس الخفاجي |
|
| 260 |
_aعمان: _bدار الثقافة للنشر و التوزيع, _c2008 |
||
| 300 |
_a334 صفحة؛ _c24 سم |
||
| 504 | _aبيبليوغرافيا ص.327 | ||
| 520 | _aيتضمن هذا الكتاب مايلي : منطق إدارة التحديات الإستراتيجية في منظمات الأعمال -تحليل الدور الإستراتيجي لتكنولوجيا المعلومات في منظمات الأعمال -منطق الإدارة الإستراتيجية الأعمال الالكترونية وفق المدرسة المعرفية -تحليل تأثير تكنولوجيا المعلومات في المقدرات الجوهرية(دراسة ميدانية) -ملامح نشوء الفكر الإستراتيجي ومداخل هندسته -ملامح الشخصية الإستراتيجية للمدريين(منظور معرفي)تحليل دور القيادة الإستراتيجية في منظمات الأعمال -التحليل المعرفي للتصور والتوجه والتفكير الإستراتيجي -رأس المال الإستراتيجي(فكرة وملامح) -التصور المعرفي والأخلاقي للقوة الإستراتيجية لمنظمات الأعمال -عقلانية التحالفات الإستراتيجية(الوفرات والكلف) -تحليل المحفظة الإستراتيجية وفق المدخل المعرفي(تأطير نظري) | ||
| 653 | _aإدارة الأعمال | ||
| 653 | _aإدارة المشروعات | ||
| 653 | _aالتخطيط | ||
| 653 | _aالثقافة | ||
| 653 | _aالفكر | ||
| 653 | _aالمعلومات الإدارية | ||
| 700 |
_aالجبوري عبد الرحمان _eمؤلف ثانوي |
||
| 700 |
_aمحسن، الغالبي طاهر _eمؤلف ثانوي |
||
| 942 | _cكتاب | ||
| 999 |
_c44609 _d44609 |
||